[Event "Chess.com RCC Wk14 Swiss"]
[Site "chess.com INT"]
[Date "2022.05.14"]
[Round "7"]
[White "Andreikin,D"]
[Black "Nakamura,Hi"]
[Result "1-0"]
[WhiteElo "2729"]
[BlackElo "2766"]

1.d4 Nf6 2.c4 e6 3.Nf3 d5 4.g3 Be7 5.Bg2 O-O 6.O-O dxc4 7.Qc2 b5 8.a4 Bb7
9.axb5 a6 10.Nc3 axb5 11.Rxa8 Bxa8 12.Nxb5 Bd5 13.Bg5 Nbd7 14.Nc3 Bb7 15.Rd1 Qa8
16.Ne1 Bxg2 17.Nxg2 c5 18.d5 exd5 19.Nxd5 Nxd5 20.Bxe7 Nxe7 21.Rxd7 Nc6 22.Ne3 Re8
23.Rc7 Qa1+ 24.Kg2 Qa8 25.Qxc4 Nd4+ 26.Qd5 Ne6 27.Qxa8 Rxa8 28.Rb7 Nd4 29.Rc7 Ne6
30.Rd7 Rb8 31.Nc4 Rb4 32.Nd6 Rxb2 33.Re7 c4 34.Nxc4 Rc2 35.Nd6 h5 36.Nxf7 Rxe2
37.Kf1 Ra2 38.Nh6+ gxh6 39.Rxe6 Kg7 40.Kg2 Rb2 41.Kf3 Ra2 42.Kg2 Rb2 43.Re4 Ra2
44.Rf4 Rb2 45.Kh3 Kg6 46.Kh4 Ra2 47.h3 Rb2 48.Rf8 Ra2 49.f4 Ra5 50.Re8 Ra6
51.Re5 Rb6 52.Rxh5 Ra6 53.Re5 Rb6 54.g4 Rb3 55.Re6+ Kg7 56.f5 Rf3 57.Re7+  1-0

[Event "Chess.com RCC Wk14 Swiss"]
[Site "chess.com INT"]
[Date "2022.05.14"]
[Round "8"]
[White "Nakamura,Hi"]
[Black "Matlakov,M"]
[Result "1-0"]
[WhiteElo "2766"]
[BlackElo "2674"]

1.Nf3 d5 2.e3 Nf6 3.c4 c6 4.Qc2 g6 5.b3 Bg7 6.Bb2 O-O 7.Be2 c5 8.cxd5 Qxd5
9.Nc3 Qf5 10.Bd3 Qd7 11.Ne4 b6 12.Nxf6+ exf6 13.Be4 Bb7 14.d4 Bxe4 15.Qxe4 Na6
16.Rd1 f5 17.Qd3 Nb4 18.Qe2 cxd4 19.Bxd4 Bxd4 20.Rxd4 Qe7 21.O-O Rac8 22.Rd2 Rfd8
23.a3 Nc6 24.b4 Ne5 25.Nd4 Nc6 26.Nf3 Ne5 27.Rxd8+ Rxd8 28.Nd4 Rc8 29.h3 Rc3
30.Nb5 Rc8 31.Rd1 a6 32.Nd4 b5 33.Nb3 Rd8 34.Nc5 Nc4 35.Rd3 Rxd3 36.Qxd3 a5
37.Qd4 axb4 38.axb4 Qd6 39.Qa1 Qe5 40.Qa6 Nd2 41.Nd7  1-0

[Event "Chess.com RCC Wk14 KO"]
[Site "chess.com INT"]
[Date "2022.05.15"]
[Round "1.2"]
[White "Bortnyk,Olexandr"]
[Black "Nakamura,Hi"]
[Result "1/2-1/2"]
[WhiteElo "2604"]
[BlackElo "2766"]

1.e4 e5 2.Bc4 Nf6 3.d3 c6 4.Nf3 d5 5.Bb3 Bb4+ 6.Bd2 Bxd2+ 7.Qxd2 Qd6 8.Nc3 O-O
9.O-O-O Bg4 10.h3 Bxf3 11.gxf3 a5 12.Rhg1 Nbd7 13.exd5 a4 14.Qh6 g6 15.Bxa4 Nc5
16.Bb3 cxd5 17.d4 Nxb3+ 18.cxb3 Rfc8 19.Kb1 Qa6 20.a4 exd4 21.Rxd4 Qe6 22.h4 Qe5
23.Qf4 Qe6 24.Rgd1 Rd8 25.Qg5 Rac8 26.Ka2 Kg7 27.Nxd5 Nxd5 28.Rxd5 Rxd5 29.Qxd5 Qe7
30.h5 Rc2 31.Qd4+ f6 32.hxg6 hxg6 33.Rd2 Rc5 34.Qd7 Kf7 35.Qxe7+ Kxe7 36.b4 Rf5
37.Rd3 b6 38.Kb3 g5 39.Kc4 Ke6 40.b3 Ke7 41.b5 Rf4+ 42.Kc3 Rf5 43.Kd4 Ke6
44.b4 Rf4+ 45.Kc3 Rf5 46.Kc4 Rf4+ 47.Rd4 Rxf3 48.a5 Rxf2 49.axb6 Rh2 50.b7 Rh8
51.Kc5 f5 52.Kc6 g4 53.Kc7 g3 54.b8=Q Rxb8 55.Kxb8 g2 56.Rd1 f4 57.Re1+ Kd7
58.Rd1+ Ke6 59.Re1+ Kd5 60.b6 f3 61.Rg1 f2 62.Rxg2 f1=Q 63.Rc2 Qf8+ 64.Ka7 Qxb4
65.Rc7 Kd6 66.Kb7 Qe4+ 67.Ka7 Qf3 68.Kb8 Qe2 69.Kb7 Qe8 70.Ka7 Qa4+ 71.Kb7 Qe4+
72.Ka7 Qd5 73.Kb8 Qa5 74.Kb7 Qa4 75.Rc8 Qe4+ 76.Ka7 Kd7 77.Rc7+ Kd8 78.Kb8 Qd5
79.Rc8+ Kd7 80.Rc7+ Kd6 81.Rc8 Qg2 82.Rc7 Qg1 83.Kb7 Qa1 84.Rc6+ Kd5 85.Rc7 Qa3
86.Rc8 Qf3 87.Rc7  1/2-1/2

[Event "Chess.com RCC Wk14 KO"]
[Site "chess.com INT"]
[Date "2022.05.15"]
[Round "1.3"]
[White "Nakamura,Hi"]
[Black "Bortnyk,Olexandr"]
[Result "1-0"]
[WhiteElo "2766"]
[BlackElo "2604"]

1.Nf3 Nf6 2.d4 d6 3.e3 g6 4.b3 Bg7 5.Bb2 O-O 6.Be2 Bf5 7.O-O c6 8.c4 Re8
9.Nc3 Qc7 10.d5 Ne4 11.Rc1 Nxc3 12.Bxc3 Bxc3 13.Rxc3 cxd5 14.Qxd5 Nc6 15.Qd2 Qa5
16.Qb2 Rac8 17.Rd1 Bg4 18.a3 Bxf3 19.Bxf3 Qb6 20.b4 Ne5 21.Be2 a5 22.Rc2 axb4
23.axb4 Nc6 24.Rb1 Ra8 25.Bf3 Ra4 26.c5 Qxb4 27.Qc1 Qa5 28.Bxc6 bxc6 29.cxd6 exd6
30.Rxc6 Qd5 31.h3 Ra2 32.Rb4 Qd2 33.Qxd2 Rxd2 34.Rb7 Re6 35.Rb1 h5 36.h4 Kg7
37.g3 d5 38.Rc5 Rf6 39.Rf1 Rf3 40.Rb5 Rf5 41.Rc5 Rf6 42.Rb5 Rc6 43.Rb4 Rc3
44.Rf4 Rcc2 45.Rb1 Rc4 46.Rf3 Rc7 47.Rb4 Rd7 48.Rff4 Rc2 49.Kg2 Rc1 50.Rbd4 Rcc7
51.Rd3 Rc6 52.Rfd4 Re6 53.Rxd5 Rxd5 54.Rxd5 Re7 55.Rd4 Rc7 56.e4 Rc3 57.Kf1 Rc2
58.Kg2 Rc3 59.Rd2 Rb3 60.Rd5 Rc3 61.Kf1 Rc2 62.Ke1 Rc4 63.f3 Rc2 64.Rd2 Rc1+
65.Kf2 Kf6 66.Ke3 Ke5 67.Rd5+ Ke6 68.Kf4 Rc3 69.Ra5 Kf6 70.Ra6+ Ke7 71.Ra4 Kf6
72.Rb4 Ke6 73.Rb7 Kf6 74.e5+ Ke6 75.Rb6+ Ke7 76.Rb4 Ke6 77.Ra4 Rc6 78.Ke4 Rb6
79.g4 hxg4 80.fxg4 Rb5 81.Ra6+ Ke7 82.Ra4 Rb1 83.Kf4 Re1 84.h5 gxh5 85.gxh5 Kf8
86.h6 Kg8 87.Kf5 Rf1+ 88.Rf4 Re1 89.Kf6 Kh7 90.Rf5 Kxh6 91.Kxf7 Ra1 92.e6 Ra7+
93.e7 Ra5 94.Rf6+ Kh7 95.Re6 Ra8 96.e8=Q Rd8 97.Rh6+  1-0

[Event "Chess.com RCC Wk14 KO"]
[Site "chess.com INT"]
[Date "2022.05.15"]
[Round "1.1"]
[White "Nakamura,Hi"]
[Black "Bortnyk,Olexandr"]
[Result "1/2-1/2"]
[WhiteElo "2766"]
[BlackElo "2604"]

1.e4 Nf6 2.Nc3 d5 3.e5 Nfd7 4.f4 d4 5.Ne4 f5 6.Ng5 Nb6 7.a4 e6 8.c3 Nd5 9.g3 Nc6
10.Bc4 Nxe5 11.fxe5 Qxg5 12.Nf3 Qg4 13.cxd4 Bb4 14.Kf2 f4 15.Bxd5 exd5 16.d3 fxg3+
17.hxg3 O-O 18.Rh4 Qg6 19.Rf4 Bg4 20.Qb3 Bxf3 21.Kxf3 Qh5+ 22.Kg2 Qe2+ 23.Kh3 Qh5+
24.Kg2 Qe2+ 25.Kh3 Qe1 26.Qxd5+ Kh8 27.Qe4 Qd1 28.Rh4 g6 29.d5 Rf1 30.Rf4 Qh5+
31.Rh4 Qd1 32.Rf4 Rh1+ 33.Kg2 Qg1+ 34.Kf3 Qf1+ 35.Ke3 Bc5+ 36.d4 Qd1 37.Bd2 Qxa1
38.dxc5 Qg1+ 39.Kd3 Qxg3+ 40.Rf3 Qh4 41.Qxh4 Rxh4 42.d6 cxd6 43.cxd6 Rxa4
44.Bg5 h6 45.Bf6+ Kg8 46.d7 Kf7 47.d8=Q Rxd8+ 48.Bxd8+ Ke6 49.Rf6+ Kxe5 50.Rxg6 Rd4+
51.Kc3 Rxd8 52.Rxh6 Rd7 53.Rh5+ Kd6 54.Rh6+ Kc5 55.Rh5+ Kc6 56.Rh6+ Rd6 57.Rh3 a5
58.Kb3 b6 59.Ka2 Rd5 60.Rh4 Kc5 61.Rh3 Rd4 62.Rh5+ Kb4 63.Rh6 b5 64.Rh8 a4
65.Rh3 Rc4 66.Rg3 Rc2 67.Rh3 Rc4 68.Rg3 Rd4 69.Rh3 Re4 70.Rg3 Kc4 71.Rh3 b4
72.b3+ axb3+ 73.Kb2 Re2+ 74.Kb1 Rd2 75.Rg3 Rd3 76.Rg8 Rd5 77.Kb2 Rd2+ 78.Kb1 b2
79.Rg3 Kb5 80.Rh3 Ka4 81.Rg3 Re2 82.Rh3 Kb5 83.Rg3 Kc4 84.Rh3 Rd2 85.Rg3 Kc5
86.Rh3 Kb5 87.Rg3 Ka5 88.Rh3 Ka4 89.Rg3 b3 90.Rxb3 Kxb3  1/2-1/2

[Event "Chess.com RCC Wk14 KO"]
[Site "chess.com INT"]
[Date "2022.05.15"]
[Round "2.2"]
[White "Nakamura,Hi"]
[Black "Xiong,Jeffery"]
[Result "1-0"]
[WhiteElo "2766"]
[BlackElo "2688"]

1.Nf3 d5 2.e3 Nf6 3.c4 e6 4.b3 c5 5.Bb2 Nc6 6.cxd5 exd5 7.Bb5 Bd6 8.O-O O-O
9.d4 cxd4 10.Nxd4 Bd7 11.Be2 Rc8 12.Nd2 Bb8 13.Rc1 Qe7 14.Re1 Rfd8 15.Bf1 Ne4
16.Nxe4 dxe4 17.Nxc6 Rxc6 18.Qd4 Rg6 19.Red1 Bd6 20.g3 Bg4 21.Rd2 Re8 22.Bg2 h5
23.Qa4 h4 24.Rxd6 Rxd6 25.Ba3 Bd7 26.Qxa7 h3 27.Bf1 Bc6 28.Rxc6 bxc6 29.Qxe7 Rxe7
30.Bxd6 Rd7 31.Bc5 Rd1 32.a4 Ra1 33.b4 f5 34.a5 g5 35.a6 g4 36.a7  1-0

[Event "Chess.com RCC Wk14 KO"]
[Site "chess.com INT"]
[Date "2022.05.15"]
[Round "2.1"]
[White "Xiong,Jeffery"]
[Black "Nakamura,Hi"]
[Result "1/2-1/2"]
[WhiteElo "2688"]
[BlackElo "2766"]

1.c4 Nf6 2.Nc3 e5 3.g3 d5 4.cxd5 Nxd5 5.Bg2 Nf6 6.Nf3 Nc6 7.O-O Be7 8.b4 a6
9.a3 O-O 10.Bb2 Re8 11.Rc1 Bd6 12.Ng5 Bf5 13.Nge4 Rb8 14.Nxf6+ Qxf6 15.Ne4 Qg6
16.d3 Ne7 17.Nc5 c6 18.e4 Bg4 19.f3 Be6 20.f4 exf4 21.gxf4 f5 22.Kh1 Qf7
23.Nxe6 Qxe6 24.Bh3 Qh6 25.Rg1 Qxh3 26.Rg3 Qh4 27.Qb3+ Nd5 28.exd5 Re2 29.dxc6+ Kf8
30.Bxg7+ Ke7 31.Bf6+ Qxf6 32.Rcg1 Rxh2+ 33.Kxh2 Bxf4 34.Kh3 Qh6+ 35.Kg2 Bxg3
36.Kxg3 bxc6 37.Re1+ Kf8 38.Qc4 Qd6+ 39.Kf3 Rd8 40.Re6 Qxd3+ 41.Qxd3 Rxd3+
42.Kf4 Rc3 43.Kxf5 Kf7 44.Rh6 Ke7 45.Ke5  1/2-1/2

[Event "Chess.com RCC Wk14 KO"]
[Site "chess.com INT"]
[Date "2022.05.15"]
[Round "3.2"]
[White "Nakamura,Hi"]
[Black "Andreikin,D"]
[Result "1-0"]
[WhiteElo "2766"]
[BlackElo "2729"]

1.e4 e5 2.Nf3 Nf6 3.Nxe5 d6 4.Nd3 Nxe4 5.Qe2 Qe7 6.Nf4 Nc6 7.Nd5 Nd4 8.Nxe7 Nxe2
9.Bxe2 Bxe7 10.Nc3 Nxc3 11.bxc3 Bf5 12.d3 Bf6 13.Bd2 O-O-O 14.g4 Bd7 15.g5 Be7
16.h4 Rde8 17.f4 d5 18.Kf2 Bc5+ 19.d4 Bd6 20.Bd3 c5 21.dxc5 Bxc5+ 22.Kg3 h5
23.f5 Bd6+ 24.Kf3 g6 25.fxg6 fxg6 26.Kg2 d4 27.Rhe1 Bc6+ 28.Kg1 dxc3 29.Bxc3 Bg3
30.Bxh8 Bxe1 31.Bxg6 Re2 32.Kf1 Bb5 33.Rxe1 Re8+ 34.Kf2 Rxh8 35.Re7 Bc4 36.a3 a5
37.Rh7 Rf8+ 38.Ke3 b5 39.Bxh5 b4 40.axb4 a4 41.Ra7 a3 42.Rxa3 Kc7 43.Rc3  1-0

[Event "Chess.com RCC Wk14 KO"]
[Site "chess.com INT"]
[Date "2022.05.15"]
[Round "3.1"]
[White "Andreikin,D"]
[Black "Nakamura,Hi"]
[Result "1/2-1/2"]
[WhiteElo "2729"]
[BlackElo "2766"]

1.d4 Nf6 2.c4 e6 3.Nf3 d5 4.g3 Be7 5.Bg2 O-O 6.O-O dxc4 7.Qc2 b5 8.a4 Bb7
9.axb5 a6 10.bxa6 Nxa6 11.Qxc4 Bd5 12.Qc3 c5 13.Be3 Ne4 14.Qe1 Nb4 15.Rxa8 Qxa8
16.Nc3 Nxc3 17.bxc3 Nc2 18.Qd2 Nxe3 19.Qxe3 cxd4 20.cxd4 Bf6 21.Qf4 Bxf3
22.Bxf3 Qb8 23.Qe4 g6 24.Rb1 Qd6 25.e3 Rc8 26.Kg2 Kg7 27.Rb7 Rc7 28.Rb5 Rc8
29.Qb1 Qd7 30.Rb6 Bd8 31.Rb7 Rc7 32.Rb8 Rc8 33.Rb5 Bf6 34.h4 h5 35.Rb7 Rc7
36.Rb6 Rc8 37.Qe4 Qd8 38.Ra6 Qc7 39.Be2 Qc1 40.Bd3 Re8 41.d5 Qc8 42.d6 Qc5
43.Rc6 Qe5 44.Qxe5 Bxe5 45.f4 Bf6 46.e4 e5 47.Rc7 Rd8 48.Bc4 Rxd6 49.Bxf7 exf4
50.gxf4 Bxh4 51.e5 Rd4 52.Kf3 g5 53.f5 Rf4+ 54.Ke3 Rxf5 55.Be6+ Kg6 56.Bxf5+ Kxf5
57.Kd4 g4 58.Rf7+ Kg6 59.e6 g3 60.Rf8 Kg7 61.e7 Bxe7 62.Rf1 h4 63.Ke4 h3
64.Kf3 g2 65.Rg1 Bd6 66.Rxg2+ hxg2 67.Kxg2  1/2-1/2

[Event "Titled Tue 17th May Early"]
[Site "chess.com INT"]
[Date "2022.05.17"]
[Round "3"]
[White "Eynullayev,Atilla"]
[Black "Nakamura,Hi"]
[Result "0-1"]
[WhiteElo "2333"]
[BlackElo "2766"]

1.d4 g6 2.c4 Bg7 3.e4 c5 4.d5 b5 5.cxb5 a6 6.Nf3 axb5 7.Be2 Ba6 8.O-O d6
9.Re1 Nd7 10.Nbd2 Ngf6 11.a4 b4 12.Bxa6 Rxa6 13.Nc4 O-O 14.Rb1 Nb6 15.Nxb6 Qxb6
16.b3 c4 17.bxc4 Nd7 18.Be3 Qa5 19.Qb3 Rb8 20.Nd4 Nc5 21.Qd1 Qxa4 22.Nc6 Rb7
23.Qg4 Rxc6 24.dxc6 Qxc6 25.Bd2 b3 26.Qf3 b2 27.Bc3 Rb3 28.Re3 Bh6 29.Re2 Na4
30.Rc2 Qxc4 31.e5 Rxc3  0-1

[Event "Chess.com RCC Wk15 Swiss"]
[Site "chess.com INT"]
[Date "2022.05.21"]
[Round "1"]
[White "Hevia,A"]
[Black "Nakamura,Hi"]
[Result "0-1"]
[WhiteElo "2460"]
[BlackElo "2766"]

1.e4 c5 2.Nf3 e6 3.d4 cxd4 4.Nxd4 a6 5.c4 Nf6 6.Nc3 Qc7 7.Be3 Nc6 8.Be2 Bb4
9.f3 d5 10.exd5 exd5 11.O-O dxc4 12.Bxc4 O-O 13.Nxc6 Qxc6 14.Qb3 Bc5 15.Bxc5 Qxc5+
16.Kh1 b5 17.Bd3 Be6 18.Qc2 Rac8 19.Rac1 b4 20.Ne4 Nxe4 21.Bxe4 Qxc2 22.Rxc2 Rxc2
23.Bxc2 Bxa2 24.b3 Rc8 25.Rd1 g6 26.Rd2 Rc3  0-1

[Event "Chess.com RCC Wk15 Swiss"]
[Site "chess.com INT"]
[Date "2022.05.21"]
[Round "2"]
[White "Nakamura,Hi"]
[Black "Theodorou,Nikolas"]
[Result "1-0"]
[WhiteElo "2766"]
[BlackElo "2567"]

1.e4 e5 2.Nf3 Nc6 3.Bb5 a6 4.Ba4 f5 5.d4 exd4 6.e5 b5 7.Bb3 Bb7 8.c3 Na5
9.cxd4 Nxb3 10.Qxb3 Qe7 11.O-O Qe6 12.Qd3 Ne7 13.a4 b4 14.Nbd2 Nd5 15.Nb3 a5
16.Re1 Be7 17.Nc5 Bxc5 18.dxc5 O-O 19.Nd4 Qg6 20.f3 Kh8 21.Bd2 Ba6 22.Qb3 c6
23.e6 Qf6 24.Be3 Rae8 25.Bf2 Bc8 26.Rad1 h6 27.Qc2 Nf4 28.Qd2 Nxe6 29.Nb3 Qd8
30.h4 Kh7 31.Re5 Qc7 32.Qd6 Qa7 33.Rde1 Ba6 34.Nxa5 Rf6 35.Nxc6 dxc6 36.Rxe6 Rfxe6
37.Rxe6 Qf7 38.Re5 Rxe5 39.Qxe5 b3 40.Bd4 Bc4 41.h5 Ba6 42.a5 Bc4 43.Kf2 Ba6
44.Ke3 Bb5 45.Kf4 Bd3 46.Bc3 Qd7 47.Qd6  1-0

[Event "Chess.com RCC Wk15 Swiss"]
[Site "chess.com INT"]
[Date "2022.05.21"]
[Round "3"]
[White "Dubov,Daniil"]
[Black "Nakamura,Hi"]
[Result "0-1"]
[WhiteElo "2702"]
[BlackElo "2766"]

1.d4 Nf6 2.c4 e6 3.Nf3 d5 4.g3 Be7 5.Bg2 O-O 6.O-O dxc4 7.Qc2 b5 8.a4 Bb7
9.axb5 a6 10.Nc3 axb5 11.Rxa8 Bxa8 12.Nxb5 Bd5 13.Bf4 c5 14.dxc5 Qa5 15.Nc3 Qxc5
16.e4 Bc6 17.Be3 Qa5 18.Nd4 Rc8 19.h3 Be8 20.f4 Na6 21.e5 Nb4 22.Qd2 Nd7
23.Kh2 Qa6 24.Qe2 Nd3 25.f5 N7xe5 26.fxe6 fxe6 27.Nxe6 Bc6 28.Nd4 Bxg2 29.Qxg2 Rb8
30.Nf5 Bf6 31.Qd5+ Kh8 32.Ne4 Rxb2+ 33.Kh1 Rb5 34.Bc5 Qb7 35.Nxf6 Qxd5+ 36.Nxd5 Rxc5
37.Nd4 h6 38.Ne7 Rc7 39.Rf8+ Kh7 40.Re8 Ng6  0-1

[Event "Chess.com RCC Wk15 Swiss"]
[Site "chess.com INT"]
[Date "2022.05.21"]
[Round "4"]
[White "Nakamura,Hi"]
[Black "Swiercz,D"]
[Result "1-0"]
[WhiteElo "2766"]
[BlackElo "2665"]

1.Nf3 Nf6 2.b3 g6 3.Bb2 Bg7 4.d4 O-O 5.e3 c5 6.dxc5 Qc7 7.c3 a5 8.b4 Ne8
9.Nd4 d6 10.Nb5 Qd8 11.cxd6 axb4 12.dxe7 Qxe7 13.Nd4 Nc6 14.Be2 bxc3 15.Bxc3 Nxd4
16.exd4 Bg4 17.h3 Bxe2 18.Qxe2 Qd7 19.O-O Nc7 20.Rd1 Rfe8 21.Qf3 Qd5 22.Nd2 Ra3
23.Qxd5 Nxd5 24.Bb2 Ra4 25.Nf3 Re2 26.Rdb1 b6 27.Kf1 Rc2 28.a3 Bf6 29.g3 h5
30.h4 Kg7 31.Bc1 Be7 32.Bd2 Rc7 33.Rb5 Rd7 34.Ne5 Rd6 35.Bc1 Bf6 36.Bb2 Nc7
37.Rb3 Ne6 38.Nf3 Ra6 39.Rd1 Rd5 40.Rc1 b5 41.Rb1 Ra4 42.Bc3 Nxd4 43.Bxd4 Bxd4
44.Rd1 Rd6 45.Rbd3 Bc5 46.Rxd6 Bxd6 47.Rxd6 Rxa3 48.Ng5 b4 49.Rd7 b3 50.Rxf7+ Kg8
51.Rb7  1-0

[Event "Chess.com RCC Wk15 Swiss"]
[Site "chess.com INT"]
[Date "2022.05.21"]
[Round "7"]
[White "Nakamura,Hi"]
[Black "Maghsoodloo,Parham"]
[Result "1-0"]
[WhiteElo "2766"]
[BlackElo "2699"]

1.Nf3 Nf6 2.b3 b5 3.e4 Nxe4 4.Bxb5 Bb7 5.d4 e6 6.O-O Be7 7.Bd3 O-O 8.c4 f5
9.Re1 Bf6 10.Nbd2 Nxd2 11.Bxd2 Bxf3 12.Qxf3 Nc6 13.Rad1 Nxd4 14.Qh3 c5 15.b4 Qc7
16.a3 Nb3 17.Bxf5 exf5 18.Qxb3 f4 19.Qf3 Bd4 20.Qd5+ Kh8 21.Re7 Rad8 22.Rde1 Qc6
23.R7e4 f3 24.Bg5 Qg6 25.g3 Rde8 26.Rxe8 Rxe8 27.Rxe8+ Qxe8 28.Qxf3 cxb4
29.axb4 Qe1+ 30.Kg2 h6 31.Bf4 Bc3 32.b5 Bd4 33.Be3 Bxe3 34.Qxe3 Qb1 35.h4 Qa2
36.Qe8+ Kh7 37.Qe4+ Kh8 38.c5 Qa5 39.Qe8+ Kh7 40.Qxd7 Qb4 41.Qd3+ Kh8 42.c6 Qc5
43.Qd8+ Kh7 44.c7  1-0

[Event "Chess.com RCC Wk15 Swiss"]
[Site "chess.com INT"]
[Date "2022.05.21"]
[Round "9"]
[White "Nakamura,Hi"]
[Black "Paravyan,D"]
[Result "0-1"]
[WhiteElo "2766"]
[BlackElo "2617"]

1.Nf3 Nf6 2.b3 c5 3.e3 g6 4.Bb2 Bg7 5.d4 cxd4 6.Nxd4 O-O 7.Be2 d5 8.O-O Re8
9.Nf3 Nc6 10.Bb5 Qc7 11.Bxc6 bxc6 12.Be5 Qa5 13.Nbd2 Bf5 14.c4 Red8 15.Qc1 Ne4
16.Bxg7 Nxd2 17.Nxd2 Kxg7 18.Qb2+ f6 19.Rac1 Bd3 20.Rfd1 dxc4 21.bxc4 Rab8
22.Nb3 Qb4 23.Qd2 Bxc4 24.Qxd8 Rxd8 25.Rxd8 Bd5 26.Nd4 e5 27.Rd7+ Kh6 28.Nf3 Qg4
29.Rxd5 cxd5 30.h3 Qa4 31.g4 Qxa2 32.g5+ fxg5 33.Nxe5 Qa5 34.Kg2 Kg7 35.Rc6 d4
36.exd4 Qd5+ 37.Kg1 Qxd4 38.Rc7+ Kf6 39.Nd7+ Kf5 40.Nf8 Qd1+ 41.Kg2 Qd5+
42.Kg1 a5 43.Ra7 h5 44.Ra6 g4 45.hxg4+ hxg4 46.Nxg6 Qd1+ 47.Kg2 Qd5+ 48.Kg1 Kg5
49.Ne7 Qd1+ 50.Kg2 Qf3+ 51.Kg1 g3 52.Rg6+ Kh5 53.Rxg3 Qd1+ 54.Kh2 a4 55.Ng8 Qd4
56.Kg2 Qb2 57.Rh3+ Kg5 58.Rg3+ Kf4 59.Rf3+ Ke5 60.Re3+ Kd4 61.Ne7 a3 62.Nf5+ Kc5
63.Ng3 a2 64.Re1 a1=Q 65.Rxa1 Qxa1 66.Kf3 Kd4 67.Ne2+ Ke5 68.Ng3 Qa8+ 69.Ke3 Qg2
70.Ne2 Qe4+ 71.Kd2 Qf3 72.Ke1 Ke4 73.Ng1 Qg2 74.Ne2 Qh1+ 75.Kd2 Qh2 76.Ke1 Kd3
77.Nc1+ Kc2 78.Na2 Qh1+ 79.Ke2 Qe4+ 80.Kf1 Qc4+ 81.Kg2 Qxa2  0-1

[Event "Chess.com RCC Wk15 KO"]
[Site "chess.com INT"]
[Date "2022.05.22"]
[Round "1.1"]
[White "Nakamura,Hi"]
[Black "Xu,Yi"]
[Result "1-0"]
[WhiteElo "2766"]
[BlackElo "2507"]

1.Nf3 Nf6 2.b3 d5 3.Bb2 e6 4.c4 b6 5.g3 Bb7 6.Bg2 Bd6 7.O-O O-O 8.cxd5 exd5
9.d4 Nbd7 10.Ne5 Re8 11.Nxd7 Qxd7 12.Nc3 Ne4 13.Nxe4 dxe4 14.Qc2 Bd5 15.e3 h5
16.Qe2 Qf5 17.f4 exf3 18.Bxf3 h4 19.e4 Qg6 20.e5 Bxf3 21.Rxf3 c5 22.Qc4 Bc7
23.Raf1 Re7 24.dxc5 bxc5 25.Qxh4 Rae8 26.Qc4 a5 27.Rf4 Qe6 28.Qxe6 Rxe6 29.Rxf7 Bxe5
30.Bxe5 Rxe5 31.Ra7 c4 32.bxc4 Rc8 33.Rff7 Rxc4 34.Rxg7+ Kh8 35.Rgd7 Rc8
36.Rd2 Kg8 37.Kg2 Rec5 38.a4 Re5 39.h4 Rb8 40.Kh3 Rf8 41.Rdd7 Rb8 42.Rd3 Kh8
43.g4 Rf8 44.h5 Rg8 45.Rdd7 Rb8 46.Kh4 Rc5 47.h6 Rc6 48.Rh7+ Kg8 49.Rag7+  1-0

[Event "Chess.com RCC Wk15 KO"]
[Site "chess.com INT"]
[Date "2022.05.22"]
[Round "2.1"]
[White "Paravyan,D"]
[Black "Nakamura,Hi"]
[Result "0-1"]
[WhiteElo "2617"]
[BlackElo "2766"]

1.e4 c6 2.d4 d5 3.e5 Bf5 4.Nf3 e6 5.Be2 Nd7 6.O-O Ne7 7.a4 c5 8.c4 dxc4 9.Bxc4 Bg4
10.dxc5 Nc6 11.Bb5 Bxc5 12.Bf4 Nd4 13.Nbd2 Nxb5 14.axb5 O-O 15.Ne4 Be7 16.Qe2 Nb6
17.Ng3 Qd5 18.Rfd1 Bxf3 19.gxf3 Qb3 20.Ne4 Nd5 21.Bg3 Rfc8 22.Rd2 Qc4 23.Qxc4 Rxc4
24.Nc3 Nb6 25.Kg2 h5 26.h3 Bb4 27.Rd3 h4 28.Bh2 Kh7 29.Na4 Nd5 30.Rxd5 exd5
31.Nb6 axb6 32.Rxa8 Bc5 33.Rd8 Rc2 34.Bg1 Rxb2 35.Rxd5 Rxb5 36.Rd7 Kg6 37.Rxb7 Rb4
38.Bh2 Rb2 39.Bg1 b5 40.f4 b4 41.Kf3 b3 42.Ke4 f5+ 43.exf6 Kxf6 44.Rb5 Rb1
45.Bh2 b2 46.Kf3 Bd4 47.Ke4 Rd1 48.f5 Bc3 49.Rb6+ Kf7 50.Rb7+ Kg8  0-1

[Event "Chess.com RCC Wk15 KO"]
[Site "chess.com INT"]
[Date "2022.05.22"]
[Round "3.1"]
[White "Andreikin,D"]
[Black "Nakamura,Hi"]
[Result "1/2-1/2"]
[WhiteElo "2729"]
[BlackElo "2766"]

1.Nf3 Nf6 2.c4 e6 3.g3 d5 4.d4 Be7 5.Bg2 O-O 6.O-O dxc4 7.Qc2 b5 8.a4 Bb7
9.axb5 a6 10.bxa6 Nxa6 11.Qxc4 Bd5 12.Qc3 c5 13.Be3 Ne4 14.Qe1 Nb4 15.Rxa8 Qxa8
16.Nc3 Nxc3 17.bxc3 Nc2 18.Qd2 Nxe3 19.Qxe3 cxd4 20.cxd4 Bf6 21.Qf4 Qb8 22.Qxb8 Rxb8
23.e3 Bxf3 24.Bxf3 g6 25.Rc1 Re8 26.Rc7 Re7 27.Rc6 Kg7 28.Kg2 Rd7 29.Bg4 Ra7
30.h4 h5 31.Be2 Bd8 32.Kf3 Rc7 33.Ra6 Bf6 34.Bd3 Be7 35.Be4 Rd7 36.Bc6 Rd6
37.Ra7 Kf8 38.Rc7 Rd8 39.Ke4 Bd6 40.Ra7 Rc8 41.Ba4 Rc7 42.Ra8+ Kg7 43.Kd3 Bb4
44.Ke2 Rc3 45.Rb8 Bd6 46.Rb6 Bc7 47.Rb7 Ba5 48.Ra7 Bb6 49.Rb7 Ba5 50.Rb5 Bd8
51.Bb3 Rc7 52.e4 Rd7 53.Ke3 Rd6 54.e5 Rb6 55.Rxb6 Bxb6 56.f3 Ba5 57.f4 Be1
58.Kf3 Bc3 59.Ke4 Be1 60.Kf3 Bc3 61.d5 exd5 62.Bxd5 Be1 63.Bc4 Bd2 64.Bd3 Be1
65.Bf1 f6 66.Bd3 fxe5 67.fxe5 Bc3 68.Kf4 Bd2+ 69.Ke4 Be1 70.Kf3 Bc3 71.e6 Kf6
72.e7 Kxe7 73.Bxg6 Be5 74.Bxh5 Bxg3 75.Kxg3 Kf6 76.Kg4 Kg7 77.Kg5 Kh8 78.Kh6 Kg8
79.Bg6 Kh8 80.Bh7  1/2-1/2

[Event "Chess.com RCC Wk15 KO"]
[Site "chess.com INT"]
[Date "2022.05.22"]
[Round "3.2"]
[White "Nakamura,Hi"]
[Black "Andreikin,D"]
[Result "1-0"]
[WhiteElo "2766"]
[BlackElo "2729"]

1.e4 e5 2.Nf3 Nf6 3.Nxe5 d6 4.Nd3 Nxe4 5.Qe2 Qe7 6.Nf4 Nc6 7.Nd5 Nd4 8.Nxe7 Nxe2
9.Nd5 Nd4 10.d3 Nf6 11.Nxf6+ gxf6 12.Kd1 Bg4+ 13.f3 Be6 14.Nc3 f5 15.Ne2 Bg7
16.Nf4 Rg8 17.c3 Nc6 18.d4 Ne7 19.Bd3 Kd7 20.Ke2 c6 21.Kf2 a5 22.a4 Bf6 23.Bd2 Bg5
24.Be3 Bxf4 25.Bxf4 Nd5 26.Bd2 Rgb8 27.c4 Nb4 28.Bxb4 axb4 29.d5 cxd5 30.cxd5 Bxd5
31.Bxf5+ Be6 32.Bxh7 f5 33.h4 Rc8 34.g4 fxg4 35.fxg4 Bxg4 36.h5 Ra5 37.Bg6 Rf8+
38.Kg3 Bf3 39.Rh4 Rg5+ 40.Kh2 Bc6 41.Rxb4 Rf2+ 42.Kh3 Rfg2 43.Rb3 Bd5 44.Re3 Be6+
45.Rxe6 Kxe6 46.Re1+ Kf6 47.Rf1+ Ke5 48.Re1+ Kf4 49.Rf1+ Ke3 50.Rf6 d5 51.Be8 Rxb2
52.h6 Rg1 53.Bf7 d4 54.Bd5 Rg5 55.Bf3 Rf2 56.h7 Rxf3+ 57.Rxf3+ Kxf3 58.h8=Q Rg3+
59.Kh4 Rg4+ 60.Kh5 Re4 61.Kg5 d3 62.Qh1+ Ke3 63.Qe1+ Kd4 64.Qd2 Re2 65.Qb4+ Ke3
66.Qf4+  1-0

[Event "Chess.com RCC Wk16 Swiss"]
[Site "chess.com INT"]
[Date "2022.05.28"]
[Round "1"]
[White "Swiercz,D"]
[Black "Nakamura,Hi"]
[Result "0-1"]
[WhiteElo "2665"]
[BlackElo "2766"]

1.e4 c6 2.d4 d5 3.e5 Bf5 4.h4 h5 5.Bd3 Bxd3 6.Qxd3 e6 7.Nf3 Qa5+ 8.Nbd2 Ne7
9.O-O Qa6 10.c4 Nf5 11.b3 Nd7 12.a4 Bb4 13.Ba3 Qa5 14.Bxb4 Qxb4 15.a5 Qe7
16.g3 O-O 17.cxd5 cxd5 18.Rfc1 Rfc8 19.Qb5 Nf8 20.b4 a6 21.Qa4 Qd8 22.Nb3 Rc4
23.Nfd2 Nxd4 24.Nxc4 Ne2+ 25.Kf1 Nxc1 26.Nd6 Nd3 27.Nc5 Nxe5 28.Ndxb7 Qf6
29.Ra2 Qf3 30.Qb3 Qh1+ 31.Ke2 d4 32.Rd2 d3+ 33.Rxd3 Nxd3 34.Qxd3 Ng6 35.Nd6 Ne5
36.Qd4 Qf3+ 37.Ke1 f6 38.Nde4 Qxg3 39.fxg3 Nf3+ 40.Ke2 Nxd4+ 41.Kd3 Nc6 42.Kc4 Kf7
43.Na4 Rd8 44.Nac3 f5 45.Ng5+ Ke7 46.Kc5 Rc8 47.Kb6 Nxb4 48.Na4 e5 49.Kb7 Rc2
50.Nf3 Ra2 51.Nb6 Rxa5 52.Nc4 Rb5+  0-1

[Event "Chess.com RCC Wk16 Swiss"]
[Site "chess.com INT"]
[Date "2022.05.28"]
[Round "2"]
[White "Nakamura,Hi"]
[Black "Kobo,Ori"]
[Result "1-0"]
[WhiteElo "2766"]
[BlackElo "2534"]

1.Nf3 Nf6 2.b3 g6 3.Bb2 Bg7 4.d4 O-O 5.e3 d6 6.Be2 a5 7.O-O Bf5 8.c4 Nc6
9.a3 Ne4 10.Bd3 e5 11.g4 Bxg4 12.Bxe4 f5 13.Bd5+ Kh8 14.Qc2 e4 15.Ne1 Bh3
16.f4 g5 17.Ng2 gxf4 18.Rxf4 Rf6 19.Kh1 Rh6 20.Bxc6 bxc6 21.d5 Qg5 22.Rf2 Rg8
23.Bxg7+ Rxg7 24.Nc3 Bg4 25.Nxe4 fxe4 26.Rf8+ Rg8 27.Rxg8+ Kxg8 28.Qxe4 Qh5
29.Qf4 Be2 30.Nh4 Rg6 31.Nxg6 Bf3+ 32.Kg1 Qxg6+ 33.Qg3  1-0

[Event "Chess.com RCC Wk16 Swiss"]
[Site "chess.com INT"]
[Date "2022.05.28"]
[Round "3"]
[White "Vidit,S"]
[Black "Nakamura,Hi"]
[Result "1/2-1/2"]
[WhiteElo "2723"]
[BlackElo "2766"]

1.d4 Nf6 2.c4 e6 3.Nf3 d5 4.g3 Be7 5.Bg2 O-O 6.O-O dxc4 7.Qc2 b5 8.a4 Bb7
9.axb5 a6 10.bxa6 Nxa6 11.Qxc4 Bd5 12.Qc3 c5 13.dxc5 Nxc5 14.Rxa8 Qxa8 15.Be3 Nfe4
16.Qc2 Rc8 17.Nc3 Nxc3 18.bxc3 Ne4 19.Bd4 Nxc3 20.Bxc3 Bf6 21.Rc1 Rxc3 22.Qd2 Qa3
23.Rxc3 Bxc3 24.Qd1 h6 25.Nh4 Ba2 26.Qd8+ Qf8 27.Qc7 Bf6 28.Nf3 Qa3 29.Qc8+ Kh7
30.Qc2+ g6 31.Qc7 Kg8 32.h4 Bd5 33.Qf4 Kg7 34.Qd2 Qa1+ 35.Kh2 Bc4 36.Qc2 Qa6
37.e3 Qb5 38.Qd2 Qc5 39.Qc2 Qb4 40.Qd2 Qb8 41.Qc2 Bd5 42.Kg1 Qa8 43.Qd1 Qa5
44.Ne1 Bc4 45.Bf1 Ba2 46.Nd3 g5 47.hxg5 hxg5 48.Ne1 Qf5 49.Bg2 Bb1 50.Nf3 Bc2
51.Qe2 Qc5 52.Qd2 Bg6 53.Nd4 Qa3 54.Qd1 Qb2 55.Nf3 Bc2 56.Qd2 Qb1+ 57.Qe1 Qb2
58.Qd2 Qa1+ 59.Qe1 Qa4 60.Qd2 Bg6 61.Qc1 g4 62.Nd2 Qb4 63.Nf1 Bc3 64.Qd1 f5
65.Qd7+ Bf7 66.Qc7 Qb2 67.Qc5 Bf6 68.Qc7 Qb1 69.Qc4 Qb2 70.Qd3 Be8 71.Qd2 Qb1
72.e4 Bb5 73.exf5 exf5 74.Qf4 Bd3 75.Qc7+ Kg6 76.Qc8 Qe1 77.Qg8+ Bg7 78.Qd5 Qb1
79.Qc6+ Kh7 80.Qb7 Qe1 81.Qf7 Qc1 82.Qh5+ Qh6 83.Qxh6+ Kxh6 84.Ne3 Bd4 85.Bf1 Be4
86.Bg2 Bb1 87.Bc6 Kg5 88.Ng2 Be5 89.Bd7 Bd3 90.Ne3 Bd4 91.Kg2 Be4+ 92.Kg1 f4
93.gxf4+ Kxf4 94.Nxg4 Bf5 95.Bxf5 Kxf5 96.Ne3+ Ke4 97.Kg2 Bxe3 98.fxe3 Kxe3  1/2-1/2